=LDR 00000nam 2200000 4500 =001 INLIS000000000022636 =005 20210415014659 =035 ##$$a 0010-061300000022636 =008 210415################g##########0#ind## =041 ##$$a ind =082 ##$$a 338.642 =090 ##$$a 338.642, ELY b =100 ##$$a Elyas, Nurdin =245 1#$$a Berwiraswasta dengan home industry /$c Nurdin Elyas =260 ##$$a Yogyakarta :$b Absolut,$c 2004 =300 ##$$a 115 hlm. : $b ilus ; $c 20 x 12 cm. =650 #4$$a Home Industry =850 ##$$a NBPNMAT =084 ##$$a 338.642 ELY b =250 ##$$a cet. 1 =520 ##$$a Bibliografi hlm. 115 =990 ##$$a 20703067 =990 ##$$a 10405837 =990 ##$$a 07750775 =990 ##$$a 20703066 =990 ##$$a 20703067 =990 ##$$a 10405837 =990 ##$$a 24442444 =990 ##$$a 10403836 =990 ##$$a 20703067 =990 ##$$a 10405837 =990 ##$$a 20703066 =990 ##$$a 98526/Pro.96 =990 ##$$a 20703067 =990 ##$$a 10405837 =990 ##$$a 20703066 =990 ##$$a 10403836 =990 ##$$a 10405837 =990 ##$$a 98526/Pro.96 =990 ##$$a 20703067 =990 ##$$a 20703066 =990 ##$$a 10403836